In other words: a coursebook on translation

保存先:
書誌詳細
第一著者: Baker, Mona (著者)
フォーマット: 図書
言語:英語
出版事項: Nueva York Routledge 2011
版:2a. ed
主題:
タグ: タグ追加
タグなし, このレコードへの初めてのタグを付けませんか!

MARC

LEADER 00000cam a2200000 a 4500
001 UCD7010
003 CL-VaPUC
008 170303e20110000us |||||||||||||||||eng|d
020 |a 9780415467537 
020 |a 9780415467544 
082 0 4 |a 418.02  |b BAK  |2 21 
100 0 |a Baker, Mona  |e author  |9 590938 
245 1 0 |a In other words: a coursebook on translation 
250 |a 2a. ed 
300 |a 332 p 
942 |c BK 
945 |d 20170303 17:35:00  |a arojas 
260 |a Nueva York  |b Routledge  |c 2011 
600 0 7 |a ESCUELA DE PRAGA  |2 CL-VaPUC  |9 378477 
650 0 |a Traducción e interpretación  |9 315998 
650 0 |a Lingüística  |9 265068 
650 0 |a Gramática  |9 270497 
583 |a last modification  |c 20170303 17:35:00  |k Rodrigo Vera 
999 |c 367177  |d 367175 
952 |0 0  |1 0  |3 erb  |4 0  |6 418_020000000000000_BAK_2011  |7 0  |8 A  |9 481870  |a BIBEDU  |b BIBEDU  |i 5361818  |l 6  |o 418.02 BAK 2011  |p 5361818  |r 2023-05-30  |s 2023-05-23  |w 2019-11-24  |y BK  |z Catalogado en:20170303  |k CIT